Guía para el cultivo y aprovechamiento del nacedero, naranjillo o cajeto : (Registro nro. 4219)

Detalles MARC
000 -CABECERA
Campo de control 01357cam a2200313 i 4500
005 - FECHA Y HORA DE LA ULTIMA TRANSACCION
Campo de control 20191224041729.0
008 - ELEMENTOS DE LONGITUD FIJA—INFORMACION GENERAL
Campo de control 040521s2001 ck a r 00010 spa d
015 ## - NATIONAL BIBLIOGRAPHY NUMBER
National bibliography number ck-2001-xxxx
020 ## - ISBN
ISBN 958698074X
040 ## - FUENTE DE CATALOGACIÓN
Agencia catalogadora original la
Agencia transcriptora la
Agencia Modificadora CO-BoIAVH
041 0# - IDIOMA
Código de idioma para texto/pista de sonido o título separado Español
082 04 - NUMERO DE CLASIFICACION DECIMAL DEWEY
Número de clasificación 633.39
Número del ítem R78g
100 1# - ASIENTO PRINCIPAL--NOMBRE PERSONAL
Nombre personal RÍos Katto, Clara Inés.
9 (RLIN) 21406
245 10 - MENCION DE TITULO
Título Guía para el cultivo y aprovechamiento del nacedero, naranjillo o cajeto :
Parte restante del título trichanthera gigantea (Humboldt & Bonpland) Nees /
Mención de responsabilidad Clara Inés Ríos Katto ; edición Henry Yesid Bernal y Claudia Vallejo Londoño ; ilustraciones Laura V. Ruano Cáceres.
260 ## - PUBLICACION, DISTRIBUCION, ETC. (PIE DE IMPRENTA)
Lugar de publicación, distribución, etc. Bogotá :
Nombre del editor, distribuidor, etc. Convenio Andrés Bello,
Fecha de publicación, distribución, etc. 2002.
300 ## - DESCRIPCION FISICA
Extensión 52 páginas :
Otros detalles físicos ilustraciones. ;
Dimensiones 27 cm.
490 00 - MENCION DE SERIE
Mención de serie Serie ciencia y tecnología ;
Designación numérica/secuencial del volumen 97
504 ## - NOTA DE BIBLIOGRAFIA, ETC.
Nota de bibliografía Incluye referencias bibliográficas (p. 33-38) e índice.
650 16 - ASIENTO SECUNDARIO DE MATERIA - TERMINO TEMATICO
Término temático o nombre geográfico como elemento de entrada Árboles-
Subdivisión general Cultivos y medios de cultivo
9 (RLIN) 60688
650 26 - ASIENTO SECUNDARIO DE MATERIA - TERMINO TEMATICO
Término temático o nombre geográfico como elemento de entrada Nacedero
Subdivisión general Cultivo.
9 (RLIN) 60689
650 26 - ASIENTO SECUNDARIO DE MATERIA - TERMINO TEMATICO
Término temático o nombre geográfico como elemento de entrada Conservación de suelos.
9 (RLIN) 60690
650 26 - ASIENTO SECUNDARIO DE MATERIA - TERMINO TEMATICO
Término temático o nombre geográfico como elemento de entrada Cultivos de cobertura.
9 (RLIN) 60691
650 26 - ASIENTO SECUNDARIO DE MATERIA - TERMINO TEMATICO
Término temático o nombre geográfico como elemento de entrada Nacedero
Subdivisión general Cosecha.
9 (RLIN) 60692
650 26 - ASIENTO SECUNDARIO DE MATERIA - TERMINO TEMATICO
Término temático o nombre geográfico como elemento de entrada Conservación de los recursos naturales
9 (RLIN) 60693
700 1# - ASIENTO SECUNDARIO - NOMBRE PERSONAL
Nombre personal Bernal, Henry Yesid,
Término de relación editor.
9 (RLIN) 2123
700 1# - ASIENTO SECUNDARIO - NOMBRE PERSONAL
Nombre personal Ruano Cáceres, Laura Víctoria,
Término de relación ilustradora.
9 (RLIN) 48128
700 1# - ASIENTO SECUNDARIO - NOMBRE PERSONAL
Nombre personal Vallejo Londoño, Claudia,
Término de relación editora.
9 (RLIN) 21941
942 ## - ELEMENTOS ADICIONALES (KOHA)
Sistema de clasificación Dewey Decimal Classification
Tipo de ítem Libro
Koha issues (borrowed), all copies 1
Existencias
Withdrawn status Lost status Sistema de Clasificación Damaged status No para préstamo Colección Inventariado Ubicación Permanente Ubicación actual Fecha de adquisición Fuente de Valor Valor Total Checkouts Número topográfico Inventario / Código de Barras Date last seen Date checked out Ejemplar Price effective from Forma de adquisición Tipo de material
    Dewey Decimal Classification     General Inventariado 2017 Bogotá Bogotá 15/10/2004 Instituto 15000.00 1 LB-633.39 R78g 002232 15/12/2016 15/12/2016 Ej. 1 04/12/2012   Libro
    Dewey Decimal Classification     General Inventariado 2017 Sala Fabio Quevedo Sala Fabio Quevedo 13/06/2005 Instituto 15000.00   LB-633.39 R78g 017947 04/12/2012   Ej. 2 04/12/2012 Donación Libro
    Dewey Decimal Classification     General Inventariado 2017 Sala Fabio Quevedo Sala Fabio Quevedo 13/06/2005 Instituto 15000.00   LB-633.39 R78g 004857 04/12/2012   Ej. 3 04/12/2012 Donación Libro